000 00392nam a2200157Ia 4500
008 230711s9999||||xx |||||||||||||| ||und||
041 _aENG
082 _a720
_bPR-G
100 _aPracht, Klaus
245 0 _aModern oriels of roofs and facades planning
250 _a1st Ed.
260 _c1980
_aNew York
_bVan Nostrand Reinhold Co.
300 _a160
650 _aArchitecture
942 _cBK
999 _c2389
_d2389